Коммерциализация и правовая защита результатов интеллектуальной деятельности: учебное пособие для вузов

Opis bibliograficzny
Korporacja: Национальный исследовательский Томский государственный университет (ТГУ)
Kolejni autorzy: Солдатов А. Н. (редактор), Миньков С. Л.
Streszczenie:Цель настоящего учебного пособия - дать представление о понятии «интеллектуальная собственность» и правах, которые приобретает ее владелец, а также о вопросах, связанных с оформлением результатов интеллектуальной деятельности как интеллектуальной собственности физического или юридического лица и ее коммерческом использовании. Для студентов, обучающихся по специальности 220601 - «Управление инновациями и направлению подготовки бакалавров», 222000 - «Инноватика»; для слушателей курсов повышения квалификации и переподготовки кадров в области коммерциализации интеллектуальной собственности и продвижения инновационных проектов, а также для всех, кому интересны проблемы интеллектуальной деятельности.
Język:rosyjski
Wydane: Томск, Изд-во ТГУ, 2011
Hasła przedmiotowe:
Format: Książka
KOHA link:https://koha.lib.tpu.ru/cgi-bin/koha/opac-detail.pl?biblionumber=246891

MARC

LEADER 00000nam0a2200000 4500
001 246891
005 20231101232241.0
010 |a 9785946213288 
035 |a (RuTPU)RU\TPU\book\268358 
090 |a 246891 
100 |a 20131211d2011 m y0rusy50 ca 
101 0 |a rus 
102 |a RU 
105 |a a j 001zy 
200 1 |a Коммерциализация и правовая защита результатов интеллектуальной деятельности  |e учебное пособие для вузов  |f Национальный исследовательский Томский государственный университет (ТГУ) ; под ред. А. Н. Солдатова, С. Л. Минькова 
210 |a Томск  |c Изд-во ТГУ  |d 2011 
215 |a 334 с.  |c ил. 
320 |a Библиография в конце частей. 
330 |a Цель настоящего учебного пособия - дать представление о понятии «интеллектуальная собственность» и правах, которые приобретает ее владелец, а также о вопросах, связанных с оформлением результатов интеллектуальной деятельности как интеллектуальной собственности физического или юридического лица и ее коммерческом использовании. Для студентов, обучающихся по специальности 220601 - «Управление инновациями и направлению подготовки бакалавров», 222000 - «Инноватика»; для слушателей курсов повышения квалификации и переподготовки кадров в области коммерциализации интеллектуальной собственности и продвижения инновационных проектов, а также для всех, кому интересны проблемы интеллектуальной деятельности. 
606 1 |a Интеллектуальная собственность  |x Право  |2 stltpush  |3 (RuTPU)RU\TPU\subj\12805  |9 39522 
610 1 |a авторское право 
610 1 |a патентное право 
610 1 |a смежные права 
610 1 |a средства индивидуализации 
610 1 |a товарные знаки 
610 1 |a патентный поиск 
610 1 |a инновационный бизнес 
610 1 |a инновационные технологии 
610 1 |a продвижение 
610 1 |a новые товары 
610 1 |a оценка 
610 1 |a коммерческое посредничество 
610 1 |a активы 
610 1 |a рыночная стоимость 
610 1 |a рыночный потенциал 
610 1 |a патенты 
610 1 |a лицензии 
610 1 |a торговля 
610 1 |a учебные пособия 
686 |a Х623.3я73  |v LBC/SL-A  |2 rubbk 
702 1 |a Солдатов  |b А. Н.  |4 340 
702 1 |a Миньков  |b С. Л.  |4 340 
712 0 2 |a Национальный исследовательский Томский государственный университет (ТГУ)  |c (2009- )  |2 stltpush  |3 (RuTPU)RU\TPU\col\17230 
801 1 |a RU  |b 63413507  |c 20131211 
801 2 |a RU  |b 63413507  |c 20131219  |g RCR 
942 |c BK